Portugalská republika

Praktické informácie o Portugalsku. Adresy zastupiteľstiev. Ekonomické a obchodné informácie. Dôležité hospodárske odvetvia. Odkaz na internetové adresy, ktoré sa týkajú legislatívy, daní a poplatkov, distribučných a predajných kanálov, obchodných príležitostí a ďalšie užitočné adresy.

Salvato in:
Dettagli Bibliografici
Autore principale: Novoveská, Saša
Natura: Capitolo di libro
Lingua:slovacco
Soggetti:
Tags: Aggiungi Tag
Nessun Tag, puoi essere il primo ad aggiungerne!!

MARC

LEADER 00000naa$a2200000$$$4500
001 0050156
005 20231006122101.2
041 0 |a slo 
044 |a SK 
245 1 0 |a Portugalská republika  |c Saša Novoveská 
520 |a Praktické informácie o Portugalsku. Adresy zastupiteľstiev. Ekonomické a obchodné informácie. Dôležité hospodárske odvetvia. Odkaz na internetové adresy, ktoré sa týkajú legislatívy, daní a poplatkov, distribučných a predajných kanálov, obchodných príležitostí a ďalšie užitočné adresy. 
610 2 0 |a geografia 
610 2 0 |a obyvateľstvo 
610 2 0 |a náboženstvo 
610 2 0 |a informácie obchodno-ekonomické 
610 2 0 |a zastupiteľstvá obchodné 
610 2 0 |a Portugalsko 
100 1 |a Novoveská, Saša